书目信息 |
| 题名: |
透射电子显微学:材料科学教材
|
|
| 作者: | 威廉斯 , (美)卡特(C. Barry Carter) 著 | |
| 分册: | 4卷本 | |
| 出版信息: | 北京 清华大学出版社 2007.08 |
|
| 页数: | 729页 | |
| 开本: | 20cm | |
| 丛书名: | ||
| 单 册: | ||
| 中图分类: | O766 | |
| 科图分类: | ||
| 主题词: | 晶体结构 | |
| 电子资源: | ||
| ISBN: | 978-7-302-15529-4 | |
| 000 | 01010nam0 2200241 45 | |
| 001 | 1156721588 | |
| 005 | 20110829154933.82 | |
| 010 | @a978-7-302-15529-4@dCNY89.00 | |
| 100 | @a20110620d2007 ekmy0 y0120 ea | |
| 102 | @aCN@b130000 | |
| 102 | @aCN@b110000 | |
| 105 | @ay z 000yy | |
| 200 | 1 | @a透射电子显微学:材料科学教材@Atou she dian zi xian wei xue:cai liao ke xue jiao cai@d=Transemission Electron Microscopy : A Textbook for Materials Science@h4卷本@f(美)威廉斯(David B. Willams), (美)卡特(C. Barry Carter)著@F(mei)wei lian si(David B.Willams),(mei)ka te(C.Barry Carter)zhu |
| 210 | @a北京@c清华大学出版社@d2007.08 | |
| 215 | @a729页@d20cm | |
| 510 | 1 | @aTransemission Electron Microscopy : A Textbook for Materials Science |
| 606 | 0 | @a晶体结构 |
| 690 | @aO766@v4 | |
| 701 | 0 | @a威廉斯@Awei lian si@bDavidB.Willams@4著 |
| 701 | 0 | @a(美)卡特(C. Barry Carter)@A(mei)ka te(C.Barry Carter)@4著 |
| 801 | 0 | @aCN@b安徽儒林@c20110829 |
| 905 | @a10447@dO766@eW4981:4 | |
| 906 | @cQH@dCNY89.00@n5@r1 | |
| 透射电子显微学:材料科学教材=Transemission Electron Microscopy : A Textbook for Materials Science.4卷本/(美)威廉斯(David B. Willams), (美)卡特(C. Barry Carter)著.-北京:清华大学出版社,2007.08 |
| 729页;20cm |
| ISBN 978-7-302-15529-4:CNY89.00 |
| ● |
| 相关链接 |
|
|
|
正题名:透射电子显微学:材料科学教材
索取号:O766/W4981:4
 
预约/预借
| 序号 | 登录号 | 条形码 | 馆藏地/架位号 | 状态 | 备注 |
| 1 | 842506 | 208425060 | 自科库401/401自科库 66排4列4层/ [索取号:O766/W4981:4] | 在馆 | |
| 2 | 842507 | 208425079 | 自科库401/401自科库 66排4列4层/ [索取号:O766/W4981:4] | 在馆 | |
| 3 | 842508 | 208425088 | 自科库401/401自科库 66排4列4层/ [索取号:O766/W4981:4] | 在馆 | |
| 4 | 842509 | 208425097 | 自科库401/401自科库 66排4列4层/ [索取号:O766/W4981:4] | 在馆 | |
| 5 | 842510 | 208425104 | 自科库401/401自科库 66排4列4层/ [索取号:O766/W4981:4] | 在馆 |